• 首页
  • 本馆介绍
  • 公告通知
  • 最新文献
  • 馆藏检索
  • 电子资源
  • 读者导购
  • 参考咨询
  • 我的图书馆
  • 登录
  • 详细信息显示
  • 放入我的书架
  • 预约/预借图书
  • 作者相关作品
  • 分类相关作品
  • 丛书相关作品
  • 出版社相关作品

书目信息

  • 表格格式
  • 工作单格式
  • 卡片格式
题名:
化学危险物品资料
    
 
作者: ;施志勇 译 ;美国防火协会 编
分册:  
出版信息: 北京   群众出版社  1981
页数: 425页
开本: 19cm
丛书名:
单 册:
中图分类: F767
科图分类:
主题词: 化学产品-危险材料--资料 , 商品学 , 危险材料-化学产品--资料
电子资源:
ISBN:
000 00756nam0 2200265 45
001 0181007212
005 20060801104143.18
010    @dCNY1.40
091    @a13067.57
100    @a19950420d1981 em y0chiy0121 ea
101 1  @achi@ceng
102    @aCN@b110000
105    @ay z 000yy
200 10 @a化学危险物品资料@Ahua xue wei xian wu pin zi liao@f美国防火协会编@g施志勇译
210    @a北京@c群众出版社@d1981
215    @a425页@d19cm
606    @a化学产品-危险材料@x资料
606 0  @a商品学
606    @a危险材料-化学产品@x资料
690    @aF767
702  0 @a施志勇@Ashi zhi yong@4译
711 02 @a美国防火协会@Amei guo fang huo xie hui@4编
801  2 @aCN@bNLC@c20060801
801  0 @aCN@b上海图书馆@c20040429
905    @f1@b125067@dF767@e5
    
    化学危险物品资料/美国防火协会编/施志勇译.-北京:群众出版社,1981
    425页;19cm
    
    
    ISBN :CNY1.40
    
●
相关链接 在E读中查询图书 在五车中查询图书 在当当中查询图书 在豆瓣中查询图书


正题名:化学危险物品资料     索取号:F767/5         预约/预借

序号 登录号 条形码 馆藏地/架位号 状态 备注
1 0125067   000489714   第一借阅区/ [索取号:F767/5] 在馆    
2 0125068   002058249   第一样本阅览室/ [索取号:F767/5] 在馆    
3 0434373   204343736   密集书库/ [索取号:F767/5] 在馆    
唐山师范学院图书馆 欢迎您!
大连网信软件有限公司© 版权所有